| 000 | 00750cam a22002533a 4500 | ||
|---|---|---|---|
| 001 | 6716 | ||
| 003 | PGUSA | ||
| 005 | 20140828083136.0 | ||
| 008 | 041001s2004||||xxu|||||s|||||000 | eng d | ||
| 040 |
_aPGUSA _beng |
||
| 042 | _adc | ||
| 050 | 4 | _aHG | |
| 100 | 1 |
_aBrooks, George W., _d1863- |
|
| 245 | 1 | 4 |
_aThe Spirit of 1906 _h[electronic resource] / _cGeorge W. Brooks |
| 260 |
_bProject Gutenberg, _c2004 |
||
| 506 | _aPublic domain in the USA. | ||
| 516 | _aElectronic text | ||
| 653 | _aInsurance, Disaster -- California -- San Francisco | ||
| 653 | _aEarthquakes -- California -- San Francisco | ||
| 653 | _aInsurance, Earthquake | ||
| 830 | 0 |
_aProject Gutenberg _v6716 |
|
| 856 | 4 | 0 | _uhttp://www.gutenberg.org/ebooks/6716 |
| 942 | _cEB | ||
| 999 |
_c236036 _d236036 |
||